Inovácia marketingového konceptu pre hotel Permon diplomová práca

Enregistré dans:
Détails bibliographiques
Auteur principal: Kohútová, Ivana
Collectivité auteur: Obchodná fakulta EU. Katedra marketingu
Autres auteurs: Filo, Peter
Format: Livre
Langue:slovaque
Publié: Bratislava 2013
Tags: Ajouter un tag
Pas de tags, Soyez le premier à ajouter un tag!

MARC

LEADER 00000nbm a2200000 4500
001 0169348
005 20161109102257.9
041 0 |a slo 
044 |a SK 
245 1 0 |a Inovácia marketingového konceptu pre hotel Permon  |b diplomová práca  |c Ivana Kohútová ; školiteľ: Peter Filo 
264 1 |a Bratislava  |c 2013 
300 |a 81 s. 
100 1 |a Kohútová, Ivana 
700 1 |a Filo, Peter 
710 2 |a Obchodná fakulta EU. Katedra marketingu